01017cam a22002173a 45000010005000000030006000050050017000110080041000280400015000690420007000840500007000911000042000982450060001402600029002005050417002295060030006465160020006766530034006968300028007308560041007586831PGUSA20140828083137.0041101s2004||||xxu|||||s|||||000 p eng d aPGUSAbeng adc 4aPT1 aLessing, Gotthold Ephraim,d1729-178110aOdenh[electronic resource] /cGotthold Ephraim Lessing bProject Gutenberg,c20040 aAbschied eines Freundes -- An Herr Gleim -- An den Herrn N** -- An seinen Bruder -- Auf eine vornehme Vermählung -- Der 24ste Jenner in Berlin -- Der Eintritt des 1752sten Jahres -- Der Eintritt des Jahres 1753 in Berlin -- Der Eintritt des Jahres 1754 in Berlin -- Der Eintritt des Jahres 1755 in Berlin -- Der Tod eines Freundes -- Ode auf den Tod des Marschalls von Schwerin, an den H. von Kleist -- Orpheus aPublic domain in the USA. aElectronic text aGerman poetry -- 18th century 0aProject Gutenbergv683140uhttp://www.gutenberg.org/ebooks/6831